[Event "EU-chT (Men) 15th"]
[Site "Gothenburg"]
[Date "2005.08.07"]
[Round "9.2"]
[White "Mamedyarov, Shakhriyar"]
[Black "Gyimesi, Zoltan"]
[Result "1-0"]
[WhiteElo "2646"]
[BlackElo "2628"]
[Annotator "Huzman,A"]
[PlyCount "79"]
[EventDate "2005.07.30"]
[EventType "team-swiss"]
[EventRounds "9"]
[EventCountry "SWE"]
[SourceTitle "CBM 109"]
[Source "ChessBase"]
[SourceDate "2005.11.14"]
[SourceVersion "1"]
[SourceVersionDate "2005.11.14"]
[SourceQuality "1"]
[WhiteTeam "Azerbaijan"]
[BlackTeam "Hungary"]
[WhiteTeamCountry "AZE"]
[BlackTeamCountry "HUN"]

1. d4 Nf6 2. c4 e6 3. Nf3 d5 4. Nc3 c5 5. Bg5 dxc4 6. e3 a6 7. a4 Nc6 8. Bxc4
cxd4 9. exd4 Be7 10. O-O O-O 11. Re1 Bd7 12. Qe2 Rc8 (12... Nb4 13. Ne5 (13.
Rad1 Bc6 14. Ne5 Bd5 15. Nxd5 Nfxd5 $11 {0-1 Gokhale,J-Mueller,K/Oakham 1992/
CBM 30 (64)}) 13... Be8 14. Rad1 Nbd5 (14... Nfd5 15. Nxd5 exd5 16. Bxe7 Qxe7
17. Bb3 Rc8 18. Qg4 $16 {1-0 Osnos,V-Pohla,H/Beltsy 1977/MCD (29)}) 15. Bb3 Rc8
16. Qd3 Rc7 17. Qh3 Nxc3 18. bxc3 Nd5 19. Bd2 Bg5 20. c4 Bxd2 21. Rxd2 Nf4 22.
Qg3 Ng6 23. Nxg6 hxg6 24. d5 $16 {1-0 Oratovsky,M-Penzias,M/Tel Aviv 1993/EXT
98 (42)}) (12... Nd5 13. Bxe7 (13. h4 Nxc3 14. bxc3 h6 15. Bxe7 Nxe7 16. Bd3
Nd5 17. Qe4 f5 18. Qe5 Nxc3 19. Bc4 Rf6 20. Rac1 Nxa4 21. Bb3 Nb6 22. Rc7 $44 {
1/2-1/2 Hodgson,J-Zilberman,Y/London 1992/CBM 31 ext (31)}) 13... Ncxe7 (13...
Ndxe7 14. Rad1 Nb4 15. Ne5 Nbd5 16. Nxd5 Nxd5 17. Bxd5 exd5 18. b3 $14 {
1/2-1/2 Yanofsky,D-Golombek,H/Karlovy Vary 1948/MCD (30)}) 14. Bxd5 Nxd5 15.
Nxd5 exd5 16. Ne5 f6 (16... Bf5 17. Qf3 Be4 18. Qb3 Qd6 19. Rac1 $14 {1-0
Lukacs,P-Pavasovic,D/Budapest 1994/CBM 41 ext (27)}) (16... Rc8 17. Qf3 Be6 18.
Qb3 Rc7 19. Rac1 Qd6 20. Rxc7 Qxc7 21. h3 Rc8 22. Nd3 Qc4 23. Qxb7 $14 {
1/2-1/2 Sundararajan,K-Harikrishna,P/Calicut IND 2003/(42)}) 17. Nd3 Re8 18.
Qd2 {1/2-1/2 Gelfand,B-Dreev,A/Wijk aan Zee 2002/CBM 87 (18)}) (12... Re8 13.
Rad1 Nb4 (13... Nd5 14. Bd2 (14. Bxd5 exd5 15. Bxe7 Rxe7 16. Qd2 Bg4 {1/2-1/2
Bertok,M-Keres,P/Leipzig 1960/EXT 99 (16)}) (14. Bxe7 Ncxe7 15. Ne5 Nxc3 16.
bxc3 Nd5 17. Qf3 Re7 18. Bxd5 exd5 19. Qxd5 Bxa4 20. Qxd8+ Rxd8 21. Ra1 Bb3 $11
{1/2-1/2 Zielinska,M-Misanovic,V/GER 2001/EXT 2003 (84)}) 14... Bf6 15. Ne4
Nxd4 16. Nxd4 Bxd4 17. Bg5 Qb6 18. a5 Qa7 19. Nd6 Rf8 20. Bxd5 exd5 21. Be7 Be6
$1 22. Qf3 Bxb2 $132 {1/2-1/2 Kramnik,V-Anand,V/Mainz 2001/CBM 84/[Huzman] (34)
}) (13... h6 14. Bc1 Na5 15. Bd3 Bb4 16. Bc2 Rc8 17. Qd3 Bc6 18. Ne5 Bd5 19.
Re3 $36 {1-0 Stanojevic,B-Govedarica,R/Novi Sad 1988/EXT 97 (27)}) 14. Ne5 Qc7
15. Qf3 Bc6 16. Qh3 Bd5 17. Nxd5 exd5 18. Bb3 Qb6 19. Rc1 Nc6 20. Bc2 h6 21.
Bf4 {1-0 Demkovich,A-Le Thi Phuong Lien/Budapest 1997/CBM 59 ext (21)}) (12...
h6 13. Bf4 Nb4 14. Ne5 Rc8 15. Rad1 Bc6 16. Nxc6 Rxc6 17. Be5 Qa5 18. Bb3 Rd8
19. f4 Nfd5 $11 {0-1 Bertok,M-Geller,E/Bled 1961/MCL (44)}) 13. Rad1 Nd5 (13...
Nb4 14. Ne5 (14. d5 $5 Rxc4 15. Qxc4 Nbxd5 16. Ne5 Re8 17. Bxf6 Nxf6 18. Nxd7
Nxd7 19. Rd3 Kf8 20. Qe4 {1-0 Zamecnik,F-Cimra,J/Bratislava 1991/EXT 97 (20)})
14... Be8 15. Bb3 (15. h4 Rc7 16. Bb3 Nfd5 17. Bxe7 Rxe7 18. h5 f6 19. Nd3 Nxd3
20. Nxd5 Nxe1 21. Nxe7+ Qxe7 22. Rxe1 $16 {1-0 Hebden,M-Lev,R/London 1990/EXT
97 (39)}) 15... Qc7 16. Qf3 Bc6 17. Qg3 Nh5 18. Qh4 Bxg5 19. Qxg5 Nf6 20. Re3
Nfd5 21. Nxc6 Nxe3 22. Nxb4 Nxd1 23. Bxd1 Qb6 $17 {1-0 Milov,V-Lev,R/Israel
1996/CBM 52 ext (63)}) (13... Re8 14. Ne5 Nb4 15. Bb3 Nbd5 16. Nxd5 Nxd5 17.
Qf3 Rf8 18. Bxe7 Qxe7 19. Bxd5 exd5 20. Ng6 $18 {1-0 Solodovnichenko,
Y-Miliutin,O/Krasnodar 1996/EXT 2000 (34)}) 14. Bxd5 Bxg5 15. Be4 {This line
has a reputation as a very dangerous one for Black. He can't prevent the
breakthrough d5. This game confirms the conclusion of theory.} (15. Ba2 Nb4 16.
Bb1 Bc6 17. Ne5 g6 18. Nxc6 bxc6 19. Ne4 Rb8 20. Nc5 {1/2-1/2 Li
Wenliang-Huang Zhengyuan/CHN 1987/EXT 97 (20)}) 15... Bh6 (15... Bf6 16. d5
exd5 17. Nxd5 (17. Rxd5 $5) 17... Be6 $8 18. Nf4 Qb6 $6 19. Nxe6 fxe6 20. Qd3
$1 g6 $2 21. Bxg6 $1 hxg6 22. Qxg6+ Kh8 23. Qh6+ Kg8 24. Qg6+ Kh8 25. Rd7 $1
Ne7 26. Qh5+ Kg7 27. Ng5 $1 $18 {1-0 Chekhov,V-Sveshnikov,E/Lviv 35/487 1983/ 
[Chekhov,V] (38)}) 16. d5 exd5 17. Rxd5 $1 $16 {The pin of Bd7 leads to
material lost.} (17. Nxd5 Re8 18. Qd3 g6 19. Qb3 Na5 20. Qb6 Bg7 $11) 17... Qc7
(17... Rc7 18. Rd6 f5 19. Bc2 Kh8 20. Nd5 Rc8 21. Qd1 g6 22. Ne7 {1-0 Najdorf,
M-Gheorghiu,F/Mar del Plata 1965/MCD (22)}) 18. Bxh7+ Kxh7 (18... Kh8 $142 19.
Bb1 (19. Bf5 Rfe8 20. Qd1 Rxe1+ 21. Qxe1 Re8 22. Qb1 $16) 19... g6 $16) 19.
Qd3+ Kg8 20. Rxd7 $18 Qb6 21. Re2 (21. Ne4 {[%cal Ge4g5,Ge4d6]} Nb8 22. Re7
Qxb2 23. Nfg5 Qc2 24. Qd5 Qc1 $16) 21... Rcd8 22. h4 Bc1 (22... Qb4 23. Nd5
Rxd7 24. Nxb4 Rxd3 25. Nxd3 $16) (22... Qa5 23. Rd5 Rxd5 24. Qxd5 $16) 23. Rxd8
(23. Ng5 $5 Bxg5 24. hxg5 $16 {[%cal Gg5g6]}) 23... Rxd8 24. Qc2 $1 Bh6 25. Nd5
$1 Qa5 26. Ne7+ Nxe7 27. Rxe7 Qd5 28. Qc7 Rf8 29. a5 {[%csl Rb7]} Qd8 30. Qxd8
Rxd8 31. Rxb7 Rd1+ 32. Kh2 Rd5 33. b4 Bf4+ 34. g3 Bd6 35. Kg2 f6 36. Rb6 Be7
37. Rb7 Kf7 38. g4 Ke6 39. b5 $1 axb5 (39... Rxb5 40. Nd4+ $18) 40. a6 (40. a6
Rd6 41. a7 Ra6 42. Rb6+ $18) 1-0

[Event "EU-ch rapid"]
[Site "Warsaw"]
[Date "2012.12.16"]
[Round "10"]
[White "Kovalev, Vladislav"]
[Black "Swiercz, Dariusz"]
[Result "1-0"]
[WhiteElo "2482"]
[BlackElo "2627"]
[PlyCount "139"]
[EventDate "2012.12.15"]
[EventType "swiss (rapid)"]
[EventRounds "11"]
[EventCountry "POL"]
[SourceTitle "EXT 2014"]
[Source "ChessBase"]
[SourceDate "2013.11.20"]
[SourceVersion "1"]
[SourceVersionDate "2013.11.20"]
[SourceQuality "1"]

1. e4 e6 2. d4 d5 3. Nd2 Nf6 4. e5 Nfd7 5. Bd3 c5 6. c3 Nc6 7. Ne2 cxd4 8. cxd4
f6 9. exf6 Nxf6 10. O-O Bd6 11. Nf3 O-O 12. Bf4 Bxf4 13. Nxf4 Ne4 14. Qc1 Ng5
15. Nxg5 Qxg5 16. Bxh7+ Kxh7 17. Nxe6 Qxc1 18. Nxf8+ Kg8 19. Raxc1 Kxf8 20. f3
Be6 21. Rfd1 Ke7 22. Kf2 Rh8 23. Kg3 Kd6 24. Rd2 Ne7 25. h3 Bd7 26. Kf2 Rh4 27.
Rh1 g5 28. Re1 Nc6 29. Ke3 a5 30. b3 b6 31. Rf1 Ne7 32. Kf2 Nf5 33. Rfd1 b5 34.
Kg1 b4 35. Kf2 Ng7 36. Rc1 Ne6 37. Ke3 Rh8 38. Kf2 Bb5 39. Kg3 Bd7 40. Kf2 Rf8
41. Ke3 Re8 42. Kf2 Ra8 43. Rh1 Rh8 44. Rc1 Bb5 45. Kg3 Rh4 46. Rc8 Nxd4 47.
Ra8 a4 48. bxa4 Bc4 49. Rg8 Ne6 50. Rxg5 Rh8 51. Rg6 Ke5 52. Rb2 Bd3 53. Rg4 d4
54. Rxb4 Bf5 55. Rb5+ Kf6 56. Rh4 Re8 57. Rh5 Bg6 58. Rhd5 d3 59. Rb6 Kf7 60.
a5 Rg8 61. Kf2 Rc8 62. Rd7+ Kf6 63. g4 Rc2+ 64. Kg3 Rxa2 65. f4 d2 66. g5+ Kf5
67. Rb5+ Nc5 68. Rxc5+ Ke6 69. Rcd5 Ra3+ 70. Kh2 1-0

[Event "TCh-TUR Super League 2018"]
[Site "Ankara TUR"]
[Date "2018.07.27"]
[Round "3.5"]
[White "Inarkiev, E.."]
[Black "Abasov, N.."]
[Result "1-0"]
[WhiteElo "2684"]
[BlackElo "2623"]
[PlyCount "177"]
[EventDate "2018.07.25"]
[EventType "team"]
[EventRounds "13"]
[EventCountry "TUR"]
[SourceTitle "The Week in Chess 1238"]
[Source "Mark Crowther"]
[SourceDate "2018.07.30"]
[SourceVersion "2"]
[SourceVersionDate "2018.07.31"]
[SourceQuality "2"]
[WhiteTeam "DENIZ SU AQUAMATCH SATRANC GENCLIK VE SPOR KU"]
[BlackTeam "GOKCEADA SPOR KULUBU"]

1. d4 Nf6 2. c4 e6 3. Nf3 d5 4. Nc3 Bb4 5. Qb3 c5 6. Bg5 Nc6 7. dxc5 dxc4 8.
Qxc4 Qa5 9. Rc1 Qxc5 10. Qxc5 Bxc5 11. a3 O-O 12. e3 Be7 13. Bd3 Rd8 14. Ke2
Bd7 15. h3 Rac8 16. Rc2 Na5 17. Nd2 Nc6 18. Bf4 Ne8 19. Bh2 Bd6 20. f4 f5 21.
Nf3 Nf6 22. e4 fxe4 23. Nxe4 Nxe4 24. Bxe4 Na5 25. Rd1 Bb5+ 26. Ke1 Rxc2 27.
Bxc2 Nc4 28. Ng5 Nxb2 29. Bxh7+ Kh8 30. Rb1 Bxa3 31. Nf7+ Kxh7 32. Nxd8 Bc4 33.
Nxb7 Bd5 34. Nd8 a5 35. Ke2 a4 36. Bg1 Bc4+ 37. Kf3 Bd5+ 38. Ke2 Bc4+ 39. Kf3
Bd5+ 40. Kg4 Be7 41. Nxe6 Bxe6+ 42. f5 Bc4 43. Rxb2 a3 44. Rc2 Bb3 45. Rc6 Bf6
46. Rxf6 gxf6 47. Kf4 Kg7 48. Bd4 Kf7 49. g4 a2 50. h4 Ke7 51. h5 Kf7 52. h6
Ba4 53. Ke4 Bc6+ 54. Kd3 Bb5+ 55. Ke3 Bd7 56. Bc3 Bc8 57. Ke4 Bb7+ 58. Kd3 Ba6+
59. Ke3 Bc8 60. Kf4 Bd7 61. Ba1 Ba4 62. Bb2 Bd7 63. Ke3 Bc8 64. Ke4 Bb7+ 65.
Kd3 Ba6+ 66. Ke3 Bc8 67. Ba1 Bd7 68. Kf4 Ba4 69. Ke4 Bc6+ 70. Ke3 Bd7 71. Kd2
Bc8 72. Bb2 Bd7 73. Bd4 Bc8 74. Kc2 Kg8 75. Bxf6 Kh7 76. Bg7 a1=Q 77. Bxa1 Kxh6
78. Bf6 Kh7 79. Kd3 Kg8 80. Ke4 Kf7 81. g5 Bd7 82. Ke5 Ba4 83. g6+ Kf8 84. Kf4
Kg8 85. Be7 Bc2 86. Kg5 Bd3 87. f6 Bc4 88. Bc5 Bb3 89. Kf4 1-0

[Event "47th Annual World Open"]
[Site "Philadelphia USA"]
[Date "2019.07.07"]
[Round "9"]
[White "Andriasian, Z.."]
[Black "Gabuzyan, H.."]
[Result "1-0"]
[WhiteElo "2589"]
[BlackElo "2622"]
[PlyCount "59"]
[EventDate "2019.07.03"]
[EventType "swiss"]
[EventRounds "9"]
[EventCountry "USA"]
[SourceTitle "The Week in Chess 1287"]
[Source "Mark Crowther"]
[SourceDate "2019.07.08"]
[SourceVersion "3"]
[SourceVersionDate "2019.07.11"]
[SourceQuality "2"]

1. e4 c5 2. Nc3 d6 3. d4 cxd4 4. Qxd4 Nc6 5. Qd2 Nf6 6. b3 e5 7. Bb2 Be7 8.
O-O-O O-O 9. Kb1 a5 10. a4 Nb4 11. f4 Be6 12. Nf3 exf4 13. Nd4 Rc8 14. Qxf4 Rc5
15. Bd3 Nd7 16. Nd5 Bxd5 17. exd5 Ne5 18. Be4 Bf6 19. Nf5 Re8 20. Rhf1 Qc7 21.
Rf2 b5 22. axb5 Rxb5 23. Qg3 a4 24. Nd4 Ra5 25. Rxf6 axb3 26. Nxb3 Ra2 27. Rd4
Nc4 28. Bxh7+ Kxh7 29. Rh4+ Kg8 30. Rh8+ 1-0

[Event "22nd OIBM 2018"]
[Site "Tegernsee GER"]
[Date "2018.11.04"]
[Round "9.1"]
[White "Firouzja, Alireza"]
[Black "Hovhannisyan, R.."]
[Result "1-0"]
[WhiteElo "2600"]
[BlackElo "2621"]
[PlyCount "135"]
[EventDate "2018.10.27"]
[EventType "swiss"]
[EventRounds "9"]
[EventCountry "GER"]
[SourceTitle "The Week in Chess 1252"]
[Source "Mark Crowther"]
[SourceDate "2018.11.05"]
[SourceVersion "1"]
[SourceVersionDate "2018.11.05"]
[SourceQuality "2"]

1. e4 e5 2. Nf3 Nc6 3. Bc4 Bc5 4. c3 Nf6 5. d3 O-O 6. b4 Be7 7. Nbd2 d5 8. Bb3
dxe4 9. dxe4 Bd6 10. O-O Ne7 11. Qc2 Ng6 12. Nc4 Bg4 13. Ne1 Be6 14. a4 c6 15.
Be3 Ng4 16. Rd1 Bxc4 17. Bxc4 Nxe3 18. fxe3 Qe7 19. Qb3 a5 20. Nd3 axb4 21.
cxb4 Rad8 22. Rf2 b5 23. axb5 cxb5 24. Bd5 Qa7 25. Re1 Rc8 26. g3 Rc7 27. Kg2
Qa4 28. Qb2 Qa7 29. Rf3 Kh8 30. Ra1 Qb6 31. Ra5 f6 32. Qa2 Rc3 33. Qd2 Rfc8 34.
Nc5 R3xc5 35. bxc5 Bxc5 36. Ra8 Rxa8 37. Bxa8 b4 38. Bd5 b3 39. Qb2 Bxe3 40.
Qxb3 Qxb3 41. Bxb3 Bd4 42. h4 Nf8 43. h5 h6 44. Bd5 Bc5 45. Rc3 Bb4 46. Rc7 Bd6
47. Rb7 Bc5 48. Bf7 Bd6 49. Bg6 Kg8 50. Kf1 Bc5 51. Ke2 Bd6 52. Kd3 Bc5 53. Kc4
Bd6 54. Kd5 Ba3 55. Kc6 Kh8 56. Ra7 Bb4 57. Rb7 Ba3 58. Bf5 Kg8 59. Kc7 Be7 60.
Kc8 Bd6 61. Kd8 Bc5 62. Ke8 Ba3 63. g4 Bc5 64. Rf7 Nh7 65. Bxh7+ Kxh7 66. Rc7
Bd6 67. Rd7 Bc5 68. Kf7 1-0

[Event "Montreal International"]
[Site "Montreal"]
[Date "1979.04.28"]
[Round "13"]
[White "Portisch, Lajos"]
[Black "Larsen, Bent"]
[Result "1-0"]
[WhiteElo "2640"]
[BlackElo "2620"]
[Annotator "ChessBase"]
[PlyCount "89"]
[EventDate "1979.04.11"]
[EventType "tourn"]
[EventRounds "18"]
[EventCountry "CAN"]
[EventCategory "15"]
[SourceTitle "MCL"]
[Source "ChessBase"]
[SourceDate "1999.07.01"]
[SourceVersion "1"]
[SourceVersionDate "1999.07.01"]
[SourceQuality "1"]

1. Nf3 d5 2. d4 Bf5 3. c4 e6 4. Qb3 Nc6 5. c5 (5. Qxb7 Nb4 6. Qb5+ c6 7. Qa4
Nc2+ 8. Kd1 Qc7 $17) (5. Bd2 $5 Rb8 (5... dxc4 6. Qxb7 $14) 6. cxd5 exd5 7. Nc3
Nf6 8. Bg5 $14) 5... Rb8 6. Bf4 (6. Nc3 $5) 6... h6 (6... Nf6 7. Nc3 a6 8. e3
Nh5 $5 9. Qa4 $6 f6 10. Bxa6 Ra8 $17 {Lev-Pyshkin/corr/1992/0-1/}) (6... f6 $1
7. e3 g5 {Bareev,E-Speelman,J/Hastings/1992/1-0/} 8. Bg3 Nge7 $15 {Bareev,
E-Speelman,J/Hastings9293/1-0/}) 7. e3 g5 8. Bg3 Bg7 9. Nc3 a6 $2 {Larsen} (
9... Nge7 $1) 10. h4 $1 g4 11. Ne5 Nge7 (11... Nxe5 12. dxe5 Ne7 (12... c6 13.
Qb4 Qc7 14. Qd4 $16) 13. O-O-O $16) 12. Nxc6 Nxc6 13. Be2 O-O 14. Qd1 $1 (14.
O-O-O b6 $13) 14... e5 (14... h5 15. f3 e5 16. dxe5 d4 17. exd4 Nxd4 18. fxg4
$1 $16) 15. dxe5 d4 16. exd4 Nxd4 (16... Qxd4 $5 17. Qxd4 Nxd4 18. O-O-O $14)
17. O-O $16 Qd7 18. Bc4 Bc2 19. Qc1 Rbd8 20. Re1 Bh7 21. Bd5 (21. Nd5 $16 Rfe8
22. Nf6+ Bxf6 23. exf6 Rxe1+ 24. Qxe1 Nf5 25. Kh2) 21... Qe7 22. Be4 Qxc5 23.
Bxh7+ (23. Qf4 $5) 23... Kxh7 24. Qf4 Qb6 25. Rad1 Qxb2 26. Rxd4 Qxc3 27. Rde4
Kh8 28. Qxg4 Rd4 (28... Qc2 $5) 29. Rxd4 Qxe1+ 30. Kh2 Qa1 (30... Bxe5 31. f4
Qxg3+ 32. Kxg3 Bxd4 33. Qd7 $16) 31. Rd7 Qxa2 32. Rxc7 b5 $6 (32... Qd5 $5 33.
Rd7 Qb5 34. f4 a5) 33. f4 Qd5 34. Rd7 Qe4 35. Qh5 Kg8 (35... b4 36. f5 b3 37.
f6 b2 38. e6 $1 b1=Q 39. fxg7+ Kxg7 40. Be5+ Kg8 41. Qxf7+ Rxf7 42. exf7+ Kf8
43. Bd6+ Qe7 44. Rxe7 $18) 36. Re7 $1 $18 Qb4 (36... b4 37. f5 b3 38. e6 $18) (
36... Qd5 37. f5 Qc5 38. Qg4 $1 $18) 37. Ra7 Qc5 38. Rxa6 b4 39. Qf3 Qb5 40.
Ra7 Rb8 41. f5 (41. Qb3 Qe8 $13 {/\Qe6}) 41... Bxe5 42. f6 Kh8 (42... h5 43.
Kh3 $18) 43. Rxf7 (43. Qe3 Bxg3+ 44. Qxg3 Rg8 45. Ra8 $18) 43... Re8 (43... Rg8
44. Qe4 $18) 44. Qg4 $1 Bxg3+ 45. Kh3 1-0

[Event "Osterskan op"]
[Site "Osterskan"]
[Date "1994.??.??"]
[Round "?"]
[White "Sjoberg, Mats"]
[Black "Andersson, Ulf"]
[Result "1-0"]
[WhiteElo "2460"]
[BlackElo "2620"]
[PlyCount "79"]
[EventDate "1994.??.??"]
[EventType "swiss"]
[EventRounds "7"]
[EventCountry "SWE"]
[SourceTitle "TD"]
[Source "ChessBase"]
[SourceDate "1994.03.01"]
[SourceVersion "1"]
[SourceVersionDate "1994.03.01"]
[SourceQuality "1"]

1. d4 Nf6 2. c4 e6 3. Nf3 Bb4+ 4. Nbd2 b6 5. a3 Bxd2+ 6. Qxd2 O-O 7. g3 Bb7 8.
Bg2 d6 9. O-O a5 10. b3 Nbd7 11. Bb2 h6 12. Rae1 Re8 13. Qc2 Be4 14. Qd1 Qb8
15. Bh3 b5 16. Ba1 Qb7 17. Nd2 Bh7 18. Bg2 d5 19. f3 a4 20. e4 dxe4 21. fxe4 e5
22. b4 c6 23. d5 bxc4 24. Nxc4 cxd5 25. exd5 e4 26. Bh3 Rad8 27. d6 Nb6 28. Na5
Qd5 {[#]} 29. Bxf6 gxf6 30. Qxd5 Nxd5 31. Nb7 Rb8 32. d7 Rf8 33. d8=Q Rbxd8 34.
Nxd8 Rxd8 35. Bf5 Nc3 36. Bxh7+ Kxh7 37. Rxf6 Kg7 38. Rf5 Rd3 39. b5 Rd2 40.
Rf2 1-0

[Event "Cacak"]
[Site "Cacak"]
[Date "1996.??.??"]
[Round "2"]
[White "Strikovic, Aleksa"]
[Black "Georgiev, Kiril"]
[Result "1-0"]
[WhiteElo "2550"]
[BlackElo "2620"]
[Annotator "Har Zvi,R"]
[PlyCount "103"]
[EventDate "1996.11.??"]
[EventType "tourn"]
[EventRounds "9"]
[EventCountry "YUG"]
[EventCategory "13"]
[SourceTitle "CBM 057"]
[Source "ChessBase"]
[SourceDate "1997.04.01"]
[SourceVersion "1"]
[SourceVersionDate "1997.04.01"]
[SourceQuality "1"]

1. e4 {Chekhov Baburin Petursson} c5 2. c3 Nf6 3. e5 Nd5 4. d4 cxd4 5. Nf3 Nc6
6. Bc4 Nb6 7. Bb3 d5 8. exd6 Qxd6 9. Na3 $5 a6 (9... dxc3 10. Qe2 (10. Qxd6 $5
exd6 11. Nb5 $44) 10... Bf5 (10... cxb2 $5 11. Bxb2 Qb4+ 12. Kf1 $44 Bg4 (12...
Bf5 13. Rd1 e6 14. Nb5 Rc8 15. Nfd4 $1 $16 {Van Mill,J-Yakovich,Y Leeuwarden
1992 55/(158)}) 13. Nb5 Bxf3 14. gxf3 Qf4 15. Bc1 $1 Qb8 16. Qe4 $1 g6 (16...
a6 17. Bf4 e5 18. Qf5 $1 $18 {with a winning attack for white}) 17. Bb2 e5 18.
Rc1 f5 19. Qe3 Be7 20. Kg2 Nd7 21. Rhd1 a6 22. Be6 $1 $16 {De la Paz,F-Cabrera,
A Natunzus 1995 64/150 [Noguerias]}) 11. Nb5 Qd7 12. Ne5 Nxe5 13. Qxe5 f6 14.
Nc7+ Kd8 15. Ne6+ Bxe6 16. Qxe6 Qxe6+ (16... Rc8 17. Qe2 $1 e5 18. O-O Kc7 19.
a4 $1 $36 {De la Paz,F-BlancoFernandez,A Villa clara 1995 65/154 [Noguerias]})
17. Bxe6 Na4 $8 18. b4 $1 a5 19. Be3 $1 $44 {Hracek,Z-Stohl,I Cesko 1996 66/
122 [Stohl,I]} axb4 20. O-O-O+ Kc7 21. Rd7+ Kc6 22. Rhd1 $146 {Hracek,Z-Stohl,
I/CZE/1996/0,5/34/}) 10. Nxd4 (10. cxd4 $5) 10... Nxd4 11. cxd4 e6 12. O-O Be7
13. Qf3 (13. Qd3 $1 Bd7 14. Rd1 Bc6 15. Bd2 Bd5 16. Rac1 O-O 17. Bc2 f5 $132 {
Vajda,L-Antoniewski,R/Baile Herculane/1994/1|0/45/}) 13... O-O (13... Qxd4 14.
Be3 Qb4 15. Rad1 $36) 14. Rd1 (14. Bf4 $5 Qxd4 $6 (14... Qd8 $5) 15. Be3 Qb4
16. Rad1 Rd8 17. Nc2 Qa5 18. Rxd8+ Bxd8 19. Rd1 Bf6 20. Bd2 Qf5 21. Qxf5 exf5
22. Ba5 Nd7 23. Re1 $36 {Strikovic,A-Matulovic,M/YUG/1988/1|0/50/}) 14... Qc6 (
14... Qd8 15. Bf4 (15. Nb1 $5 Nd5 16. Nc3 Nxc3 17. bxc3 Bd6 18. c4 Rb8 19. c5
Bc7 20. Bb2 $14 {Shaked,T-Krahaps,M WchJm u 20 Halle 1995}) 15... Bd6 16. Be5
f6 17. Bg3 Bxg3 18. Qxg3 $14 {Milosavejevic,P-Savchenko,S/Pula/1994/0|1/35/}) (
14... Qb8 15. Nc2 Bd6 16. Qh5 Bf4 17. Ne3 Bd7 18. Ng4 Rc8 19. Ne5 Bxe5 20. dxe5
Be8 21. Bf4 $14 {Sermek,D-Zadrima,A Moscow ol 1994}) 15. Qg3 Bd7 16. Bh6 Bf6
17. Bf4 $5 (17. Re1 Qc8 18. Bc2 (18. Nc2 $14) 18... Re8 19. Bf4 Bc6 20. Be5 Qd8
$132 {Sermek,D-Kiselev,S/Ljubljana/1992/0|1/44/}) 17... Rac8 18. Rac1 Qe4 19.
Bc2 Qd5 (19... Qe2 20. Qh3 g6 21. Re1 Qh5 22. Qxh5 gxh5 23. Be5 $14) 20. Be5
Bxe5 21. dxe5 Qa5 (21... Qxa2 $2 22. Qh4 g6 (22... Rxc2 {probably the best,
but still not enough to get an equal position} 23. Nxc2 Qxb2 24. Nd4 $1 $14)
23. Qd4 $22 (23. Qb4 $1 {HarZvi,R} Nd5 (23... Rc6 24. Ra1 $18) 24. Qd4 $16)
23... Nd5 $4 (23... Rc6 $1 {HarZvi,R} 24. Bxg6 fxg6 25. Rxc6 Bxc6 26. Qxb6 $11)
24. Ra1 $18) 22. Rd4 $1 $18 {a very strong move the immedate threat is b4 when
black must give up an exchange to save the queen,but the rook can also attack
on the king's side!} Nd5 23. Nc4 Qxa2 {[#] Baburin: In this position the
presence of the rook on the fourth rank, ready to be switched to the kindside
and the off-side position of the black queen speaks for itself and suggests
the combination.} 24. Bxh7+ $1 {This opens the h-file. the game is over} Kxh7
25. Rh4+ Kg8 26. Qh3 {Now Black is defenceless.} f6 (26... f5 27. Rh8+ Kf7 28.
Nd6+ (28. Qh5+ $1 Ke7 29. Qg5+ {with mate very soon [Har-Zvi,R]}) 28... Ke7 29.
Qh4+ Nf6 30. Nxc8+ $18 (30. Nxc8+ {Baburin} Rxc8 31. exf6+ gxf6 32. Rhxc8 $18))
27. Rh8+ Kf7 28. Nd6+ Ke7 29. Nxc8+ Rxc8 (29... Bxc8 30. Rxf8 Kxf8 31. Rxc8+
$18) 30. Rhxc8 Bxc8 31. Qh8 Kf7 (31... Bd7 32. Qxg7+ Kd8 33. exf6 Qxb2 34. Qf8+
Be8 35. Qd6+ Bd7 36. Qb8+ $18 (36. Qb8+ {Baburin} Bc8 37. Qxc8#)) 32. exf6 (32.
Qh5+ $1 {this move would simply end the game} Ke7 33. Qg6 fxe5 34. Qxg7+ Kd6
35. Qf8+) 32... Nxf6 33. Qxc8 $18 Qxb2 34. h3 Nd5 35. Qd7+ Kf6 36. Rc8 {
Petursson: You are winning because his king is badly sheltered.} Qb4 37. Re8 (
37. g3 $5) 37... Nf4 (37... Qe1+ 38. Kh2 Qe4 39. Rf8+ $18) 38. Kh2 Qc5 (38...
Qe4 39. Rf8+ Kg6 40. Qf7+ $18) 39. Qxb7 g5 (39... Qxf2 40. Rf8+ Kg6 41. Qf7+
$18) 40. Qf3 Qd5 41. Rf8+ (41. Qxd5 exd5 42. Kg3 $18) 41... Kg7 42. Qxd5 exd5
43. Ra8 Kf6 44. Kg3 d4 45. Kf3 d3 46. Rxa6+ Ke5 47. g3 Nd5 (47... Nxh3 48. Ke3
$18) 48. Ra5 Kd4 49. Rxd5+ Kxd5 50. Ke3 Kc4 51. Kd2 Kd4 52. f3 1-0

[Event "20th ch-EUR Indiv 2019"]
[Site "Skopje MKD"]
[Date "2019.03.20"]
[Round "3.14"]
[White "Van Foreest, Lucas"]
[Black "Indjic, A.."]
[Result "1-0"]
[WhiteElo "2515"]
[BlackElo "2620"]
[PlyCount "75"]
[EventDate "2019.03.18"]
[EventType "swiss"]
[EventRounds "11"]
[EventCountry "MKD"]
[SourceTitle "The Week in Chess 1272"]
[Source "Mark Crowther"]
[SourceDate "2019.03.25"]
[SourceVersion "1"]
[SourceVersionDate "2019.03.25"]
[SourceQuality "2"]

1. d4 Nf6 2. c4 c5 3. d5 g6 4. Nc3 Bg7 5. e4 d6 6. Nf3 O-O 7. Bd3 e6 8. O-O
exd5 9. exd5 Bg4 10. h3 Bxf3 11. Qxf3 Nbd7 12. Qd1 Nh5 13. Bd2 f5 14. f4 Qh4
15. Be1 Qd8 16. Kh2 a6 17. Bd2 Bd4 18. Qf3 Ng7 19. Rab1 Bf6 20. g4 fxg4 21.
Qxg4 Bd4 22. Ne2 b5 23. cxb5 axb5 24. Bxb5 Nf6 25. Qg2 Rxa2 26. Nxd4 cxd4 27.
f5 Qb6 28. Bd3 Qb3 29. Rf3 Rxb2 30. fxg6 Rxb1 31. gxh7+ Nxh7 32. Bxh7+ Kxh7 33.
Rxf8 Qd3 34. Bh6 Nh5 35. Qg8+ Kxh6 36. Qe6+ Kh7 37. Qe7+ Ng7 38. Qh4+ 1-0

[Event "Navalmoral op 06th"]
[Site "Navalmoral"]
[Date "2000.??.??"]
[Round "6"]
[White "Guerra Bastida, Diego"]
[Black "Korneev, Oleg"]
[Result "1-0"]
[WhiteElo "2305"]
[BlackElo "2619"]
[PlyCount "49"]
[EventDate "2000.12.06"]
[EventType "swiss"]
[EventRounds "9"]
[EventCountry "ESP"]
[SourceTitle "EXT 2002"]
[Source "ChessBase"]
[SourceDate "2001.11.25"]
[SourceVersion "1"]
[SourceVersionDate "2001.11.25"]
[SourceQuality "1"]

1. e4 e5 2. Nf3 Nc6 3. Nc3 Nf6 4. d4 exd4 5. Nd5 Nxe4 6. Bd3 Nc5 7. O-O Ne6 8.
c3 dxc3 9. bxc3 Bc5 10. Re1 O-O 11. Bxh7+ Kxh7 12. Ng5+ Kg6 13. h4 Nxg5 14.
Bxg5 f6 15. Qd3+ Kf7 16. Bxf6 Bxf2+ 17. Kh1 Bxe1 18. Bxd8 Nxd8 19. Qf3+ Ke8 20.
Rxe1+ Ne6 21. Qg3 Kf7 22. Rf1+ Ke8 23. Qg4 Kd8 24. Rxf8+ Nxf8 25. Qg5+ 1-0